|
|
|
|
| LEADER |
02347nam a2200613 a 4500 |
| 001 |
nkc20132485751 |
| 003 |
CZ PrNK |
| 005 |
20140602110335.0 |
| 007 |
ta |
| 008 |
140319s2014 xr acfhe 001 0acze |
| 015 |
|
|
|a cnb002485751
|
| 020 |
|
|
|a 978-80-200-2328-5
|q (brož.)
|
| 035 |
|
|
|a (OCoLC)879563811
|
| 040 |
|
|
|a ABA001
|b cze
|
| 043 |
|
|
|a e-cs---
|
| 045 |
|
|
|a x4x6
|
| 072 |
|
7 |
|a 343.8
|x Vězeňství
|2 Konspekt
|9 18
|
| 072 |
|
7 |
|a 929
|x Biografie
|2 Konspekt
|9 8
|
| 080 |
|
|
|a 323.28-051
|2 MRF
|
| 080 |
|
|
|a 929
|2 MRF
|
| 080 |
|
|
|a 343.819
|2 MRF
|
| 080 |
|
|
|a 343.262
|2 MRF
|
| 080 |
|
|
|a 323.28
|2 MRF
|
| 080 |
|
|
|a (437)
|2 MRF
|
| 080 |
|
|
|a (048.8)
|2 MRF
|
| 080 |
|
|
|a (0:82-94)
|2 MRF
|
| 100 |
1 |
|
|a Bártík, František,
|d 1976-
|7 mzk2008463780
|4 aut
|
| 245 |
1 |
0 |
|a Vzpomínky chovance Jaroslava Vojtěcha a historie táborů nucené práce /
|c František Bártík
|
| 250 |
|
|
|a Vyd. 1.
|
| 260 |
|
|
|a Praha :
|b Academia,
|c 2014
|
| 300 |
|
|
|a 252 s., [32] s. obr. příl. :
|b il. (převážně barev.), 1 portrét, faksim. ;
|c 20 cm
|
| 490 |
1 |
|
|a Historie
|
| 504 |
|
|
|a Obsahuje bibliografii, bibliografické odkazy a rejstřík
|
| 600 |
1 |
7 |
|a Vojtěch, Jaroslav,
|d 1930-
|7 jx20131211002
|2 czenas
|
| 648 |
|
7 |
|a 1948-1968
|7 ch460677
|2 czenas
|
| 650 |
0 |
7 |
|a političtí vězni
|7 ph124262
|z Československo
|y 1948-1968
|2 czenas
|
| 650 |
0 |
7 |
|a pracovní tábory
|7 ph115874
|z Československo
|y 1948-1968
|2 czenas
|
| 650 |
0 |
7 |
|a nucená práce
|7 ph137053
|z Československo
|y 1948-1968
|2 czenas
|
| 650 |
0 |
7 |
|a politická perzekuce
|7 ph124236
|z Československo
|y 1948-1968
|2 czenas
|
| 650 |
0 |
9 |
|a political prisoners
|z Czechoslovakia
|y 1948-1968
|2 eczenas
|
| 650 |
0 |
9 |
|a forced labour camps
|z Czechoslovakia
|y 1948-1968
|2 eczenas
|
| 650 |
0 |
9 |
|a forced labor
|z Czechoslovakia
|y 1948-1968
|2 eczenas
|
| 650 |
0 |
9 |
|a political persecution
|z Czechoslovakia
|y 1948-1968
|2 eczenas
|
| 655 |
|
7 |
|a studie
|7 fd133597
|2 czenas
|
| 655 |
|
7 |
|a autobiografické vzpomínky
|7 fd131854
|2 czenas
|
| 655 |
|
9 |
|a studies
|2 eczenas
|
| 655 |
|
9 |
|a autobiographical reminiscences
|2 eczenas
|
| 700 |
1 |
|
|a Vojtěch, Jaroslav,
|d 1930-
|7 jx20131211002
|4 ant
|
| 830 |
|
0 |
|a Historie (Academia)
|0 s
|
| 910 |
2 |
|
|a BOA001
|b 2-1323.374
|
| 990 |
|
|
|a BK
|
| 995 |
|
|
|a 01
|
| 991 |
|
|
|b 201403
|c NOV
|e n
|
| 996 |
6 |
|
|b 2610585408
|c 2-1323.374
|l MZK
|r Sklad / do 1 hodiny
|n 5
|p p.v.
|w 001409365
|u 000010
|a 1
|e BOA001
|j MZK50
|s P
|